=LDR 00000nam 2200000 4500 =001 INLIS000000000038042 =005 20130612143734 =008 ***********************************ind** =035 ##$$a0010-061300000038042 =041 ##$$a ind =082 ##$$a f.rom =245 ##$$a ligths, camera, actrion:bolt dan penny beraksi =260 ##$$a gramedia $b jakarta =850 ##$$a NBPNMAT =990 ##$$a 21400554/BPAP-NTB/2014